| 000 | 00345nam a2200145Ia 4500 | ||
|---|---|---|---|
| 005 | 20250406071343.0 | ||
| 008 | 240331s9999 xx 000 0 und d | ||
| 082 |
_bSHA _a894 |
||
| 100 | _aShanmugalingam, M | ||
| 245 | 0 | _aAnnai Itta thee | |
| 260 |
_aChennai _bSouth Asian Books _c1997 |
||
| 300 | _a183 p ., | ||
| 650 | _aDrama Book | ||
| 942 | _cL | ||
| 999 |
_c3764 _d3764 |
||